<?xml version="1.0" encoding="UTF-8"?><?xml-stylesheet type="text/xsl" href="static/style.xsl"?><OAI-PMH xmlns="http://www.openarchives.org/OAI/2.0/" xmlns:xsi="http://www.w3.org/2001/XMLSchema-instance" xsi:schemaLocation="http://www.openarchives.org/OAI/2.0/ http://www.openarchives.org/OAI/2.0/OAI-PMH.xsd"><responseDate>2026-06-03T14:39:27Z</responseDate><request verb="GetRecord" identifier="oai:riuma.uma.es:10630/22503" metadataPrefix="marc">https://riuma.uma.es/rest/oai/request</request><GetRecord><record><header><identifier>oai:riuma.uma.es:10630/22503</identifier><datestamp>2026-02-03T12:30:19Z</datestamp><setSpec>com_10630_2254</setSpec><setSpec>col_10630_37959</setSpec></header><metadata><record xmlns="http://www.loc.gov/MARC21/slim" xmlns:dcterms="http://purl.org/dc/terms/" xmlns:doc="http://www.lyncode.com/xoai" xmlns:xsi="http://www.w3.org/2001/XMLSchema-instance" xsi:schemaLocation="http://www.loc.gov/MARC21/slim http://www.loc.gov/standards/marcxml/schema/MARC21slim.xsd">
   <leader>00925njm 22002777a 4500</leader>
   <datafield ind2=" " ind1=" " tag="042">
      <subfield code="a">dc</subfield>
   </datafield>
   <datafield ind2=" " ind1=" " tag="720">
      <subfield code="a">Gómez-Leal, Raquel</subfield>
      <subfield code="e">author</subfield>
   </datafield>
   <datafield ind2=" " ind1=" " tag="720">
      <subfield code="a">Megías-Robles, Alberto</subfield>
      <subfield code="e">author</subfield>
   </datafield>
   <datafield ind2=" " ind1=" " tag="720">
      <subfield code="a">Gutiérrez-Cobo, María José</subfield>
      <subfield code="e">author</subfield>
   </datafield>
   <datafield ind2=" " ind1=" " tag="720">
      <subfield code="a">Cabello-González, Rosario</subfield>
      <subfield code="e">author</subfield>
   </datafield>
   <datafield ind2=" " ind1=" " tag="720">
      <subfield code="a">Fernández-Berrocal, Pablo</subfield>
      <subfield code="e">author</subfield>
   </datafield>
   <datafield ind2=" " ind1=" " tag="260">
      <subfield code="c">2021-06</subfield>
   </datafield>
   <datafield ind2=" " ind1=" " tag="520">
      <subfield code="a">Introducción: El estudio de la agresividad juega un papel muy importante tanto en la psicología como en la salud pública en general, debido a las potenciales consecuencias que pueden producirse en víctimas y en agresores. El Modelo General de Agresión (GAM) proporciona un marco conceptual para comprender la aparición del comportamiento agresivo como resultado de tres etapas: 1) factores personales y situacionales; 2) estados internos; y 3) evaluación de la situación que determinará si se produce la conducta agresiva o no. El objetivo principal de esta investigación fue estudiar los factores personales, situados en la primera etapa del GAM, que están más fuertemente asociados con el comportamiento agresivo. &#xd;
Método: Para llevar a cabo este estudio un total de doscientos treinta y nueve jóvenes adultos fueron evaluados en niveles de agresividad y en un conjunto de variables que en la literatura anterior han demostrado ser las más relevantes con relación al comportamiento agresivo. &#xd;
Resultados: Los resultados revelaron que los niveles de agresión se asociaron principalmente (56.9% de varianza explicada) con los siguientes factores protectores: la capacidad de manejar las emociones como un componente de la inteligencia emocional y la toma de perspectiva como un componente de empatía, y con los siguientes factores de riesgo: niveles de afecto negativo, urgencia negativa como componente de la impulsividad y sensibilidad a la recompensa. &#xd;
Discusión: Estos hallazgos proporcionan una mejor comprensión de los mecanismos subyacentes del comportamiento agresivo y un mayor valor empírico a los modelos teóricos actuales. Además, esta investigación puede ayudar a mejorar la precisión en el diseño de programas destinados a la prevención y tratamiento del comportamiento agresivo. &#xd;
Palabras clave: Agresividad; Inteligencia Emocional; Factores protectores; Factores de riesgo, Empatía</subfield>
   </datafield>
   <datafield ind1="8" ind2=" " tag="024">
      <subfield code="a">https://hdl.handle.net/10630/22503</subfield>
   </datafield>
   <datafield tag="653" ind2=" " ind1=" ">
      <subfield code="a">Agresividad (Psicología)</subfield>
   </datafield>
   <datafield ind2="0" ind1="0" tag="245">
      <subfield code="a">Análisis de los factores personales que predicen el comportamiento agresivo</subfield>
   </datafield>
</record>
</metadata></record></GetRecord></OAI-PMH>